1699 1075 1515 1797 1975 1238 1646 1273 1957 1882 1704 1029 1208 1704 1059 1531 1402 1193 1694 1960 1872 1731 1567 1097 1218 1152 1444 1047 1395 1459 1739 1213 1598 1058 1396 1959 1216 1785 1694 1306 1861 1835 1642 1957 1634 1491 1407 1515 1110 1295 1592 1775 1944 1592 1442 1550 1357 1608 1267 1035 1981 1274 1230 1391 1363 1849 1941 1763 1183 1523 1253 1929 1458 1610 1100 1626 1172 1469 1690 1744 1547 1007 1215 1373 1125 1024 1969 1990 1489 1151 1245 1672 1679 1820 1001 1421 1156 1036 1200 BCNSPRNW ULIB Ver.6.0+V

เปลี่ยนเป็นภาษาไทย

Change to English
 แสดงรายละเอียดบรรณานุกรม
  กลับหน้าหลัก

Brief Record : Get Marc (ISO 2709) : E-mail record : QR code < ปิดหน้าต่าง
LEADER : 00000nam 2200000uu 4500
001    13399120272
003     ULIB
008    120918s2552||||th 000 0 tha d
020    ^a9789741623242
060  4 ^aQV55^bจ527ค 2552
100 0  ^aจิรัชฌา อุดมชัยสกุล
245 00 ^aคู่มือร้านยา:ยาเม็ดคุมกำเนิดและโรคที่พบบ่อยของระบบสืบพันธุ์เพศหญิง/^cจิรัชฌา อุดมชัยสกุล
250    ^aพิมพ์ครั้งที่ 1
260    ^aกรุงเทพฯ:^b21century,^c2552
300    ^a172 หน้า:^bภาพประกอบ
650  7 ^aคู่มือร้านยา
650  7 ^aยาเม็ดคุมกำเนิด
650  7 ^aระบบสืบพันธุ์เพศหญิง^xยา
945    ^p0^l0^i17730
995    ^aกัณชพร
999 ^a ใช้งานได้ทุกระบบ
รายการนี้ยังไม่มีแท็ก
คุณยังไม่ได้ล็อกอิน คุณสามารถมีกิจกรรมร่วมกับเว็บไซต์ได้ แต่ต้องล็อกอินก่อน ::
  ล็อกอิน

รายการสื่อสารสนเทศ

ลำดับที่ ประเภท เลขเรียก/บาร์โค้ด สถานที่ สถานะ
- ไม่พบข้อมูล -

รายการใกล้เคียง
    ผู้แต่ง [จิรัชฌา อุดมชัยสกุล]

    หัวเรื่อง [คู่มือร้านยา]
    หัวเรื่อง [ยาเม็ดคุมกำเนิด]

BibComment


ยังไม่เคยถูกคอมเมนท์

คอมเมนท์ทรัพยากรรายการนี้
  คอมเมนท์: คู่มือร้านยายาเม..


 Copyright 2026. Bcnsprnw @Library